Lumière sur les Hautes-Alpes - Statistiques

Statistiques générales
  • Ce quiz a été pris 42 fois
  • Le résultat moyen est 5 sur 10
Statistiques - réponses
Hint Réponse % Correct
Quelle chaîne de montagnes couvre la majorité du territoire des Hautes-Alpes ? Alpes
100%
Quelle est la préfecture du département des Hautes-Alpes ? Gap
94%
Quelle célèbre station de ski se trouve à proximité de Briançon ? Serre Chevalier
71%
Quelle commune des Hautes-Alpes est connue pour ses fortifications signées Vauban et classées à l’UNESCO ? Mont Dauphin
69%
Quelle ville est connue pour son ensoleillement exceptionnel, avec plus de 300 jours de soleil par an ? Embrun
51%
Quel sommet, culminant à 4 102 mètres, est le plus haut des Hautes-Alpes ? Barre des écrins
37%
Quelle station de ski est située dans le massif du Dévoluy ? Superdévoluy
37%
Quel col mythique du Tour de France relie les Hautes-Alpes à la Savoie ? Col du Galibier
26%
Quel événement sportif d’endurance se déroule chaque été entre Embrun et les sommets alentours ? Embrunman
23%
Quel village perché accueille chaque année un festival de l’humour réputé dans la région ? Saint Bonnet en Champsaur
0%
Aucun quiz correspondant
Distribution des résultats
% des personnes avec chaque résultat
Percentile par nombre de réponses
Votre historique - résultats
Vous n’avez pas pris ce quiz